| 000 | 00752 a22002175i 4500 | ||
|---|---|---|---|
| 999 |
_c7638 _d7638 |
||
| 001 | 991060034176206706 | ||
| 003 | OSt | ||
| 005 | 20220203120552.0 | ||
| 008 | AAMMDD----- ---|||||-|||||-|| -----|c | ||
| 016 | _aDL T935-2021 | ||
| 020 | _a9788412362923 | ||
| 040 |
_bcat _cCDMR |
||
| 100 | 1 |
_aCosta i Fernández, Lluís _9647 |
|
| 245 |
_aPremsa comarcal _b: La memòria de la vida quotidiana de Catalunya _c / Lluís Costa |
||
| 264 |
_aBarcelona: _bACPC Associació Catalana de la Premsa Comarcal, _c2021 |
||
| 300 | _a249 pàgines | ||
| 610 | 1 | 0 |
_93633 _aAssociació Catalana de la Premsa Comarcal _xHistòria |
| 650 | 0 |
_93717 _aPremsa comarcal _zCatalunya _xHistòria |
|
| 710 | 1 |
_93633 _aAssociació Catalana de la Premsa Comarcal |
|
| 942 |
_2udc _cMON |
||